[Event "Pobeskydi 2026"]
[Site "Frydek-Mistek, Czech Republic"]
[Date "2026.04.02"]
[Round "2.4"]
[White "Zeman, Daniel Nikolas"]
[Black "Sarkozi, Szabolcs"]
[Result "1-0"]
[TimeControl "90 min+30s/move"]
[WhiteTitle "-"]
[BlackTitle "-"]
[WhiteFideId "23717130"]
[BlackFideId "14941660"]
[WhiteElo "1957"]
[BlackElo "2117"]

1. e4 {[%clk 01:30:57]} {[%emt 00:00:03]} d5 {[%clk 01:30:47]} {[%emt
00:00:14]} 2. exd5 {[%clk 01:31:21]} {[%emt 00:00:06]} Qxd5 {[%clk 01:31:11]}
{[%emt 00:00:05]} 3. Nc3 {[%clk 01:31:12]} {[%emt 00:00:40]} Qd6 {[%clk
01:31:35]} {[%emt 00:00:06]} 4. d4 {[%clk 01:31:05]} {[%emt 00:00:38]} Nf6
{[%clk 01:31:56]} {[%emt 00:00:08]} 5. Nf3 {[%clk 01:30:48]} {[%emt 00:00:48]}
Nc6 {[%clk 01:32:09]} {[%emt 00:00:13]} 6. Bc4 {[%clk 01:22:39]} {[%emt
00:08:43]} Bg4 {[%clk 01:24:13]} {[%emt 00:08:25]} 7. Be3 {[%clk 01:23:03]}
{[%emt 00:00:07]} a6 {[%clk 01:14:39]} {[%emt 00:10:04]} 8. Qd2 {[%clk
01:20:19]} {[%emt 00:03:13]} Bxf3 {[%clk 01:12:40]} {[%emt 00:02:29]} 9. gxf3
{[%clk 01:20:15]} {[%emt 00:00:34]} e5 {[%clk 01:12:23]} {[%emt 00:00:47]} 10.
d5 {[%clk 01:16:42]} {[%emt 00:04:03]} Na5 {[%clk 01:00:50]} {[%emt 00:12:03]}
11. Be2 {[%clk 01:15:28]} {[%emt 00:01:44]} b5 {[%clk 00:53:07]} {[%emt
00:08:14]} 12. Ne4 {[%clk 01:14:31]} {[%emt 00:01:27]} Qb4 {[%clk 00:45:18]}
{[%emt 00:08:18]} 13. Nxf6+ {[%clk 01:10:51]} {[%emt 00:04:11]} gxf6 {[%clk
00:45:33]} {[%emt 00:00:15]} 14. Qxb4 {[%clk 01:09:17]} {[%emt 00:02:03]} Bxb4+
{[%clk 00:45:50]} {[%emt 00:00:13]} 15. c3 {[%clk 01:09:31]} {[%emt 00:00:17]}
Bd6 {[%clk 00:41:29]} {[%emt 00:04:51]} 16. b4 {[%clk 01:07:06]} {[%emt
00:02:55]} Nc4 {[%clk 00:37:25]} {[%emt 00:04:34]} 17. a4 {[%clk 00:54:41]}
{[%emt 00:12:55]} Ke7 {[%clk 00:33:41]} {[%emt 00:04:13]} 18. Rg1 {[%clk
00:53:43]} {[%emt 00:01:29]} Rhg8 {[%clk 00:25:02]} {[%emt 00:09:09]} 19. Rxg8
{[%clk 00:52:28]} {[%emt 00:01:45]} Rxg8 {[%clk 00:25:26]} {[%emt 00:00:05]} 20.
Kf1 {[%clk 00:48:15]} {[%emt 00:04:43]} f5 {[%clk 00:16:49]} {[%emt 00:09:07]}
21. axb5 {[%clk 00:44:19]} {[%emt 00:04:27]} axb5 {[%clk 00:14:19]} {[%emt
00:03:00]} 22. Ra7 {[%clk 00:41:48]} {[%emt 00:03:01]} f4 {[%clk 00:08:28]}
{[%emt 00:06:21]} 23. Bc5 {[%clk 00:40:21]} {[%emt 00:01:56]} Kd7 {[%clk
00:04:25]} {[%emt 00:04:34]} 24. Bd3 {[%clk 00:34:59]} {[%emt 00:05:51]} e4
{[%clk 00:00:40]} {[%emt 00:04:15]} 25. Bxe4 {[%clk 00:32:53]} {[%emt
00:02:36]} Nd2+ {[%clk 00:00:52]} {[%emt 00:00:19]} 26. Ke2 {[%clk 00:33:12]}
{[%emt 00:00:11]} Nxe4 {[%clk 00:00:34]} {[%emt 00:00:47]} 27. fxe4 {[%clk
00:33:36]} {[%emt 00:00:07]} f3+ {[%clk 00:00:40]} {[%emt 00:00:24]} 28. Kxf3
{[%clk 00:33:15]} {[%emt 00:00:51]} Bxh2 {[%clk 00:01:04]} {[%emt 00:00:05]} 29.
Ra6 {[%clk 00:28:29]} {[%emt 00:05:16]} Rg6 {[%clk 00:00:33]} {[%emt 00:01:02]}
30. Ra8 {[%clk 00:27:17]} {[%emt 00:01:42]} Be5 {[%clk 00:00:45]} {[%emt
00:00:19]} 31. Rf8 {[%clk 00:23:36]} {[%emt 00:04:10]} Rf6+ {[%clk 00:00:54]}
{[%emt 00:00:20]} 32. Ke3 {[%clk 00:24:04]} {[%emt 00:00:02]} Bf4+ {[%clk
00:00:34]} {[%emt 00:00:50]} 33. Kd4 {[%clk 00:22:21]} {[%emt 00:02:13]} Bd6
{[%clk 00:00:32]} {[%emt 00:00:33]} 34. Bxd6 {[%clk 00:22:27]} {[%emt
00:00:24]} cxd6 {[%clk 00:00:59]} {[%emt 00:00:02]} 35. Ke3 {[%clk 00:22:14]}
{[%emt 00:00:43]} Ke7 {[%clk 00:01:25]} {[%emt 00:00:05]} 36. Ra8 {[%clk
00:20:58]} {[%emt 00:01:45]} Rg6 {[%clk 00:01:33]} {[%emt 00:00:22]} 37. Ra7+
{[%clk 00:18:55]} {[%emt 00:02:34]} Kf8 {[%clk 00:01:21]} {[%emt 00:00:42]} 38.
c4 {[%clk 00:15:46]} {[%emt 00:03:39]} bxc4 {[%clk 00:01:24]} {[%emt 00:00:26]}
39. b5 {[%clk 00:16:12]} {[%emt 00:00:05]} Rg1 {[%clk 00:01:32]} {[%emt
00:00:21]} 40. b6 {[%clk 00:16:21]} {[%emt 00:00:22]} Rb1 {[%clk 00:01:52]}
{[%emt 00:00:10]} 41. b7 {[%clk 00:16:46]} {[%emt 00:00:05]} Kg7 {[%clk
00:01:56]} {[%emt 00:00:26]} 42. e5 {[%clk 00:16:53]} {[%emt 00:00:23]} dxe5
{[%clk 00:00:47]} {[%emt 00:01:39]} 43. d6 {[%clk 00:17:22]} {[%emt 00:00:01]}
Rb3+ {[%clk 00:00:32]} {[%emt 00:00:45]} 44. Ke4 {[%clk 00:15:00]} {[%emt
00:02:52]} Kf6 {[%clk 00:00:31]} {[%emt 00:00:31]} 45. d7 {[%clk 00:15:21]}
{[%emt 00:00:09]} Ke6 {[%clk 00:00:40]} {[%emt 00:00:22]} 46. d8=N+ {[%clk
00:14:39]} {[%emt 00:01:11]} Kd6 {[%clk 00:00:33]} {[%emt 00:00:37]} 47. Ra8
{[%clk 00:12:25]} {[%emt 00:02:44]} Kc7 {[%clk 00:00:35]} {[%emt 00:00:27]} 48.
Rc8+ {[%clk 00:12:47]} {[%emt 00:00:08]} Kd7 {[%clk 00:00:31]} {[%emt
00:00:35]} 49. b8=Q {[%clk 00:12:53]} {[%emt 00:00:23]} f5+ {[%clk 00:00:32]}
{[%emt 00:00:29]} 50. Kxe5 {[%clk 00:13:10]} {[%emt 00:00:14]} Rxb8 {[%clk
00:00:47]} {[%emt 00:00:15]} 51. Rxb8 {[%clk 00:13:36]} {[%emt 00:00:05]} c3
{[%clk 00:01:10]} {[%emt 00:00:06]} 52. Rb3 {[%clk 00:13:58]} {[%emt 00:00:08]}
c2 {[%clk 00:01:23]} {[%emt 00:00:16]} 53. Rc3 {[%clk 00:14:27]} {[%emt
00:00:02]} 1-0

[Event "Pobeskydi 2026"]
[Site "Frydek-Mistek, Czech Republic"]
[Date "2026.04.02"]
[Round "2.5"]
[White "Langmaier, Michal"]
[Black "Buchtova, Viktorie"]
[Result "1/2-1/2"]
[TimeControl "90 min+30s/move"]
[WhiteTitle "-"]
[BlackTitle "-"]
[WhiteFideId "23727705"]
[BlackFideId "23714786"]
[WhiteElo "1949"]
[BlackElo "2055"]

1. d4 {[%clk 01:30:52]} {[%emt 00:00:06]} Nf6 {[%clk 01:30:57]} {[%emt
00:00:04]} 2. c4 {[%clk 01:31:14]} {[%emt 00:00:07]} e6 {[%clk 01:31:16]}
{[%emt 00:00:12]} 3. Nf3 {[%clk 01:31:30]} {[%emt 00:00:13]} b6 {[%clk
01:31:29]} {[%emt 00:00:18]} 4. g3 {[%clk 01:31:43]} {[%emt 00:00:16]} Bb7
{[%clk 01:31:55]} {[%emt 00:00:05]} 5. Bg2 {[%clk 01:32:08]} {[%emt 00:00:04]}
Be7 {[%clk 01:32:07]} {[%emt 00:00:19]} 6. O-O {[%clk 01:31:22]} {[%emt
00:01:16]} O-O {[%clk 01:32:23]} {[%emt 00:00:15]} 7. Nc3 {[%clk 01:31:30]}
{[%emt 00:00:22]} Ne4 {[%clk 01:32:20]} {[%emt 00:00:33]} 8. Qc2 {[%clk
01:30:33]} {[%emt 00:01:26]} Nxc3 {[%clk 01:32:43]} {[%emt 00:00:08]} 9. Qxc3
{[%clk 01:27:03]} {[%emt 00:04:01]} d6 {[%clk 01:32:45]} {[%emt 00:00:28]} 10.
b3 {[%clk 01:25:52]} {[%emt 00:01:40]} Nd7 {[%clk 01:30:14]} {[%emt 00:03:01]}
11. Bb2 {[%clk 01:24:59]} {[%emt 00:01:23]} Be4 {[%clk 01:28:48]} {[%emt
00:01:57]} 12. Nd2 {[%clk 01:17:18]} {[%emt 00:08:11]} Bxg2 {[%clk 01:28:42]}
{[%emt 00:00:36]} 13. Kxg2 {[%clk 01:17:46]} {[%emt 00:00:02]} f5 {[%clk
01:17:30]} {[%emt 00:11:42]} 14. e4 {[%clk 01:04:51]} {[%emt 00:13:24]} Bf6
{[%clk 01:05:15]} {[%emt 00:12:46]} 15. exf5 {[%clk 00:50:15]} {[%emt
00:15:06]} exf5 {[%clk 01:05:30]} {[%emt 00:00:15]} 16. f4 {[%clk 00:49:47]}
{[%emt 00:00:57]} Re8 {[%clk 00:55:18]} {[%emt 00:10:42]} 17. Rfe1 {[%clk
00:45:56]} {[%emt 00:04:21]} Nf8 {[%clk 00:53:58]} {[%emt 00:01:50]} 18. Qc2
{[%clk 00:43:06]} {[%emt 00:03:20]} Qd7 {[%clk 00:47:22]} {[%emt 00:07:07]} 19.
Nf3 {[%clk 00:39:59]} {[%emt 00:03:37]} c5 {[%clk 00:36:24]} {[%emt 00:11:28]}
20. d5 {[%clk 00:37:26]} {[%emt 00:03:03]} Bxb2 {[%clk 00:36:01]} {[%emt
00:00:53]} 21. Qxb2 {[%clk 00:37:54]} Rxe1 {[%clk 00:33:52]} {[%emt 00:02:40]}
1/2-1/2

[Event "Pobeskydi 2026"]
[Site "Frydek-Mistek, Czech Republic"]
[Date "2026.04.02"]
[Round "2.6"]
[White "Durovka, Marek"]
[Black "Gnojek, Petr"]
[Result "0-1"]
[TimeControl "90 min+30s/move"]
[WhiteTitle "-"]
[BlackTitle "-"]
[WhiteFideId "14959542"]
[BlackFideId "371807"]
[WhiteElo "2054"]
[BlackElo "2401"]

1. d4 {[%clk 01:30:50]} {[%emt 00:00:02]} d6 {[%clk 01:30:47]} {[%emt
00:00:21]} 2. c4 {[%clk 01:30:36]} {[%emt 00:00:43]} g6 {[%clk 01:30:52]}
{[%emt 00:00:26]} 3. Nc3 {[%clk 01:30:26]} {[%emt 00:00:40]} Bg7 {[%clk
01:31:13]} {[%emt 00:00:08]} 4. e4 {[%clk 01:30:48]} {[%emt 00:00:08]} Nc6
{[%clk 01:25:20]} {[%emt 00:06:24]} 5. Be3 {[%clk 01:29:40]} {[%emt 00:01:38]}
e5 {[%clk 01:24:52]} {[%emt 00:00:59]} 6. d5 {[%clk 01:25:35]} {[%emt
00:04:34]} Nd4 {[%clk 01:24:39]} {[%emt 00:00:43]} 7. Nge2 {[%clk 01:21:35]}
{[%emt 00:04:30]} Nxe2 {[%clk 01:22:43]} {[%emt 00:02:26]} 8. Bxe2 {[%clk
01:21:44]} {[%emt 00:00:21]} h5 {[%clk 01:19:23]} {[%emt 00:03:50]} 9. Qd2
{[%clk 01:16:13]} {[%emt 00:06:01]} Bh6 {[%clk 01:19:04]} {[%emt 00:00:49]} 10.
O-O-O {[%clk 01:07:56]} {[%emt 00:08:46]} Bd7 {[%clk 01:11:38]} {[%emt
00:07:57]} 11. h3 {[%clk 00:59:02]} {[%emt 00:09:23]} h4 {[%clk 01:04:20]}
{[%emt 00:07:49]} 12. Rhf1 {[%clk 00:56:21]} {[%emt 00:03:11]} Qe7 {[%clk
01:03:39]} {[%emt 00:01:11]} 13. f4 {[%clk 00:46:26]} {[%emt 00:10:25]} exf4
{[%clk 00:55:00]} {[%emt 00:09:09]} 14. Bxf4 {[%clk 00:46:42]} {[%emt
00:00:14]} Bxf4 {[%clk 00:55:23]} {[%emt 00:00:07]} 15. Qxf4 {[%clk 00:46:11]}
{[%emt 00:01:00]} Nh6 {[%clk 00:55:17]} {[%emt 00:00:37]} 16. c5 {[%clk
00:39:18]} {[%emt 00:07:23]} g5 {[%clk 00:53:16]} {[%emt 00:02:31]} 17. Qf6
{[%clk 00:32:53]} {[%emt 00:06:55]} Qxf6 {[%clk 00:52:50]} {[%emt 00:00:56]} 18.
Rxf6 {[%clk 00:33:21]} Ng8 {[%clk 00:52:06]} {[%emt 00:01:14]} 19. Rf2 {[%clk
00:32:59]} {[%emt 00:00:49]} a6 {[%clk 00:49:26]} {[%emt 00:03:14]} 20. Rdf1
{[%clk 00:32:07]} {[%emt 00:01:21]} Rh7 {[%clk 00:45:22]} {[%emt 00:04:34]} 21.
Nd1 {[%clk 00:23:08]} {[%emt 00:09:29]} f6 {[%clk 00:25:18]} {[%emt 00:20:34]}
22. cxd6 {[%clk 00:19:41]} {[%emt 00:03:57]} cxd6 {[%clk 00:25:44]} {[%emt
00:00:04]} 23. Ne3 {[%clk 00:18:57]} {[%emt 00:01:14]} Ke7 {[%clk 00:25:10]}
{[%emt 00:01:04]} 24. Bg4 {[%clk 00:18:37]} {[%emt 00:00:50]} Bxg4 {[%clk
00:24:37]} {[%emt 00:01:04]} 25. Nxg4 {[%clk 00:18:02]} {[%emt 00:01:06]} Rc8+
{[%clk 00:24:16]} {[%emt 00:00:50]} 26. Kd2 {[%clk 00:17:58]} {[%emt 00:00:33]}
Rf7 {[%clk 00:24:42]} {[%emt 00:00:05]} 27. Rf3 {[%clk 00:18:07]} {[%emt
00:00:21]} Rff8 {[%clk 00:24:39]} {[%emt 00:00:33]} 28. Rb3 {[%clk 00:16:35]}
{[%emt 00:02:01]} Rc7 {[%clk 00:24:47]} {[%emt 00:00:23]} 29. Rc1 {[%clk
00:10:09]} {[%emt 00:06:56]} Kd7 {[%clk 00:24:29]} {[%emt 00:00:48]} 30. Rf1
{[%clk 00:09:30]} {[%emt 00:01:08]} Ke7 {[%clk 00:19:44]} {[%emt 00:05:15]} 31.
Rc3 {[%clk 00:05:58]} {[%emt 00:04:03]} Rxc3 {[%clk 00:19:30]} {[%emt
00:00:44]} 32. bxc3 {[%clk 00:06:17]} {[%emt 00:00:11]} b5 {[%clk 00:16:32]}
{[%emt 00:03:28]} 33. Ne3 {[%clk 00:04:58]} {[%emt 00:01:48]} Nh6 {[%clk
00:16:44]} {[%emt 00:00:19]} 34. Nf5+ {[%clk 00:03:04]} {[%emt 00:02:24]} Nxf5
{[%clk 00:17:08]} {[%emt 00:00:06]} 35. exf5 {[%clk 00:03:31]} {[%emt
00:00:02]} Rc8 {[%clk 00:17:33]} {[%emt 00:00:05]} 36. Re1+ {[%clk 00:03:35]}
{[%emt 00:00:26]} Kd7 {[%clk 00:17:59]} {[%emt 00:00:05]} 37. Re6 {[%clk
00:02:22]} {[%emt 00:01:43]} Rc5 {[%clk 00:18:24]} {[%emt 00:00:05]} 38. Rxf6
{[%clk 00:02:48]} {[%emt 00:00:05]} Rxd5+ {[%clk 00:18:50]} {[%emt 00:00:03]}
39. Kc2 {[%clk 00:00:50]} {[%emt 00:02:28]} Re5 {[%clk 00:11:52]} {[%emt
00:07:28]} 40. Rf7+ {[%clk 00:00:57]} {[%emt 00:00:22]} Re7 {[%clk 00:12:03]}
{[%emt 00:00:19]} 41. Rxe7+ {[%clk 00:00:42]} {[%emt 00:00:46]} Kxe7 {[%clk
00:12:28]} {[%emt 00:00:05]} 0-1

[Event "Pobeskydi 2026"]
[Site "Frydek-Mistek, Czech Republic"]
[Date "2026.04.02"]
[Round "2.7"]
[White "Haasova, Timea"]
[Black "Zidek, Damian"]
[Result "1-0"]
[TimeControl "90 min+30s/move"]
[WhiteTitle "-"]
[BlackTitle "-"]
[WhiteFideId "14960109"]
[BlackFideId "23761652"]
[WhiteElo "2012"]
[BlackElo "1962"]

1. e4 {[%clk 01:30:57]} {[%emt 00:00:02]} e6 {[%clk 01:30:55]} {[%emt
00:00:06]} 2. d4 {[%clk 01:31:09]} {[%emt 00:00:18]} d5 {[%clk 01:31:19]}
{[%emt 00:00:06]} 3. e5 {[%clk 01:31:31]} {[%emt 00:00:09]} c5 {[%clk
01:31:43]} {[%emt 00:00:06]} 4. c3 {[%clk 01:31:54]} {[%emt 00:00:07]} Nc6
{[%clk 01:32:09]} {[%emt 00:00:04]} 5. Nf3 {[%clk 01:32:16]} {[%emt 00:00:08]}
Bd7 {[%clk 01:32:34]} {[%emt 00:00:05]} 6. Be2 {[%clk 01:32:29]} {[%emt
00:00:16]} Nge7 {[%clk 01:32:50]} {[%emt 00:00:13]} 7. Na3 {[%clk 01:32:28]}
{[%emt 00:00:32]} Ng6 {[%clk 01:30:45]} {[%emt 00:02:34]} 8. Nc2 {[%clk
01:27:04]} {[%emt 00:05:55]} Be7 {[%clk 01:30:04]} {[%emt 00:01:09]} 9. O-O
{[%clk 01:22:01]} {[%emt 00:05:35]} O-O {[%emt 00:13:39]} 10. Bd2 {[%emt
00:09:05]} c4 {[%emt 00:10:28]} 11. b3 {[%clk 01:03:44]} {[%emt 00:00:09]} b5
{[%clk 01:17:00]} {[%emt 00:00:29]} 12. Nfe1 {[%clk 00:52:09]} {[%emt
00:12:06]} f5 {[%clk 01:11:13]} {[%emt 00:06:17]} 13. exf6 {[%clk 00:47:39]}
{[%emt 00:05:00]} Bxf6 {[%clk 01:09:38]} {[%emt 00:02:03]} 14. bxc4 {[%emt
00:05:37]} bxc4 {[%clk 01:09:08]} {[%emt 00:00:56]} 15. f4 {[%clk 00:40:40]}
{[%emt 00:02:28]} Nh4 {[%clk 01:03:54]} {[%emt 00:05:41]} 16. g4 {[%clk
00:35:01]} {[%emt 00:06:12]} Qc7 {[%clk 00:59:33]} {[%emt 00:04:51]} 17. Nf3
{[%clk 00:26:09]} {[%emt 00:09:22]} Nxf3+ {[%clk 00:58:54]} {[%emt 00:01:08]}
18. Bxf3 {[%clk 00:26:16]} {[%emt 00:00:24]} Be7 {[%clk 00:56:34]} {[%emt
00:02:48]} 19. f5 {[%clk 00:23:12]} {[%emt 00:03:36]} Bd6 {[%clk 00:55:32]}
{[%emt 00:01:30]} 20. Qe2 {[%clk 00:22:56]} {[%emt 00:00:48]} Rae8 {[%clk
00:53:45]} {[%emt 00:02:16]} 21. Rae1 {[%clk 00:17:59]} {[%emt 00:05:28]} exf5
{[%clk 00:40:48]} {[%emt 00:13:27]} 22. Bxd5+ {[%clk 00:16:23]} {[%emt
00:02:06]} Kh8 {[%clk 00:38:54]} {[%emt 00:02:24]} 23. Qf2 {[%clk 00:13:29]}
{[%emt 00:03:24]} Rxe1 {[%clk 00:36:25]} {[%emt 00:02:59]} 24. Nxe1 {[%clk
00:12:44]} {[%emt 00:01:15]} Ne7 {[%clk 00:35:18]} {[%emt 00:01:35]} 25. Be4
{[%clk 00:12:43]} {[%emt 00:00:34]} Bc6 {[%clk 00:33:17]} {[%emt 00:02:31]} 26.
Bxc6 {[%clk 00:10:49]} {[%emt 00:02:24]} Qxc6 {[%clk 00:32:44]} {[%emt
00:01:03]} 27. Ng2 {[%clk 00:09:18]} {[%emt 00:02:00]} f4 {[%clk 00:27:18]}
{[%emt 00:05:56]} 28. Bxf4 {[%clk 00:06:07]} {[%emt 00:03:41]} Bxf4 {[%clk
00:18:31]} {[%emt 00:09:17]} 29. Nxf4 {[%clk 00:06:14]} {[%emt 00:00:22]} g5
{[%clk 00:18:39]} {[%emt 00:00:23]} 30. d5 {[%clk 00:02:08]} {[%emt 00:04:36]}
Qd7 {[%clk 00:10:48]} {[%emt 00:08:20]} 31. Qd4+ {[%clk 00:02:25]} {[%emt
00:00:15]} Kg8 {[%clk 00:11:02]} {[%emt 00:00:13]} 32. Nh5 {[%clk 00:02:26]}
{[%emt 00:00:31]} Nxd5 {[%clk 00:08:14]} {[%emt 00:03:17]} 33. Qh8+ {[%clk
00:02:11]} {[%emt 00:00:45]} 1-0

[Event "Pobeskydi 2026"]
[Site "Frydek-Mistek, Czech Republic"]
[Date "2026.04.02"]
[Round "2.8"]
[White "Boff, Ondrej"]
[Black "Policar, Martin"]
[Result "1-0"]
[TimeControl "90 min+30s/move"]
[WhiteTitle "-"]
[BlackTitle "-"]
[WhiteFideId "23733950"]
[BlackFideId "23734868"]
[WhiteElo "2101"]
[BlackElo "1948"]

1. e4 {[%clk 01:30:35]} {[%emt 00:00:24]} c6 {[%clk 01:30:52]} {[%emt
00:00:09]} 2. d4 {[%clk 01:30:33]} {[%emt 00:00:32]} d5 {[%clk 01:31:16]}
{[%emt 00:00:06]} 3. e5 {[%clk 01:30:39]} {[%emt 00:00:24]} c5 {[%clk
01:31:39]} {[%emt 00:00:08]} 4. dxc5 {[%clk 01:30:56]} {[%emt 00:00:12]} e6
{[%clk 01:31:50]} {[%emt 00:00:20]} 5. a3 {[%clk 01:31:04]} {[%emt 00:00:21]}
Nc6 {[%clk 01:31:51]} {[%emt 00:00:29]} 6. Nf3 {[%clk 01:29:47]} {[%emt
00:01:46]} Bxc5 {[%clk 01:30:32]} {[%emt 00:01:51]} 7. b4 {[%clk 01:29:53]}
{[%emt 00:00:22]} Bb6 {[%clk 01:30:16]} {[%emt 00:00:47]} 8. Bb2 {[%clk
01:29:09]} {[%emt 00:01:13]} a6 {[%clk 01:29:26]} {[%emt 00:01:21]} 9. Bd3
{[%clk 01:28:20]} {[%emt 00:01:18]} Nge7 {[%clk 01:29:25]} {[%emt 00:00:32]} 10.
O-O {[%clk 01:28:10]} {[%emt 00:00:40]} Ng6 {[%clk 01:29:02]} {[%emt 00:00:52]}
11. Nbd2 {[%clk 01:26:39]} {[%emt 00:02:01]} O-O {[%clk 01:28:57]} {[%emt
00:00:36]} 12. Re1 {[%clk 01:23:55]} {[%emt 00:03:14]} Bd7 {[%clk 01:26:08]}
{[%emt 00:03:20]} 13. c4 {[%clk 01:21:09]} {[%emt 00:03:14]} Nce7 {[%clk
01:12:56]} {[%emt 00:13:41]} 14. c5 {[%clk 01:17:26]} {[%emt 00:04:14]} Bc7
{[%clk 01:12:47]} {[%emt 00:00:40]} 15. h4 {[%clk 01:17:15]} {[%emt 00:00:40]}
b6 {[%clk 01:08:03]} {[%emt 00:05:16]} 16. cxb6 {[%clk 01:08:15]} {[%emt
00:09:29]} Bxb6 {[%clk 01:08:01]} {[%emt 00:00:31]} 17. g3 {[%clk 01:08:14]}
{[%emt 00:00:31]} Nc6 {[%clk 00:58:26]} {[%emt 00:10:06]} 18. Qb1 {[%clk
00:57:46]} {[%emt 00:10:57]} Re8 {[%clk 00:56:43]} {[%emt 00:02:14]} 19. h5
{[%clk 00:56:23]} {[%emt 00:01:53]} Nf8 {[%clk 00:57:04]} {[%emt 00:00:09]} 20.
Nf1 {[%clk 00:56:18]} {[%emt 00:00:35]} Ne7 {[%clk 00:53:00]} {[%emt 00:04:34]}
21. N1h2 {[%clk 00:54:23]} {[%emt 00:02:25]} Bb5 {[%clk 00:53:13]} {[%emt
00:00:17]} 22. Bxb5 {[%clk 00:53:20]} {[%emt 00:01:33]} axb5 {[%clk 00:52:44]}
{[%emt 00:00:59]} 23. Qd3 {[%clk 00:53:37]} {[%emt 00:00:11]} Rb8 {[%clk
00:45:47]} {[%emt 00:07:29]} 24. h6 {[%clk 00:53:19]} {[%emt 00:00:48]} g6
{[%clk 00:41:40]} {[%emt 00:04:37]} 25. Ng4 {[%clk 00:51:16]} {[%emt 00:02:32]}
Nd7 {[%clk 00:41:59]} {[%emt 00:00:12]} 26. Kg2 {[%clk 00:47:33]} {[%emt
00:04:12]} Ba7 {[%clk 00:40:22]} {[%emt 00:02:08]} 27. Bd4 {[%clk 00:46:43]}
{[%emt 00:01:20]} Bxd4 {[%clk 00:39:25]} {[%emt 00:01:27]} 28. Nxd4 {[%clk
00:47:05]} {[%emt 00:00:07]} Qb6 {[%clk 00:39:20]} {[%emt 00:00:36]} 29. Rac1
{[%clk 00:46:41]} {[%emt 00:00:53]} Nf5 {[%clk 00:37:16]} {[%emt 00:02:35]} 30.
Nxb5 {[%clk 00:34:11]} {[%emt 00:13:00]} Qxb5 {[%clk 00:30:03]} {[%emt
00:07:42]} 31. Qxb5 {[%clk 00:34:27]} {[%emt 00:00:15]} Rxb5 {[%clk 00:30:32]}
{[%emt 00:00:02]} 32. Rc7 {[%clk 00:34:48]} {[%emt 00:00:08]} Rd8 {[%clk
00:30:22]} {[%emt 00:00:40]} 33. Rxd7 {[%clk 00:35:08]} {[%emt 00:00:09]} Rxd7
{[%clk 00:30:49]} {[%emt 00:00:04]} 34. Nf6+ {[%clk 00:35:33]} {[%emt
00:00:05]} Kf8 {[%clk 00:31:13]} {[%emt 00:00:06]} 35. Nxd7+ {[%clk 00:35:58]}
{[%emt 00:00:05]} Ke7 {[%clk 00:31:35]} {[%emt 00:00:07]} 36. Nf6 {[%clk
00:35:24]} {[%emt 00:01:04]} Nxh6 {[%clk 00:31:35]} {[%emt 00:00:30]} 37. g4
{[%clk 00:33:16]} {[%emt 00:02:38]} Rb8 {[%clk 00:30:32]} {[%emt 00:01:28]} 38.
Rc1 {[%clk 00:33:20]} {[%emt 00:00:32]} Ra8 {[%clk 00:30:32]} {[%emt 00:00:30]}
39. b5 {[%clk 00:33:00]} {[%emt 00:00:50]} Rxa3 {[%clk 00:29:58]} {[%emt
00:01:05]} 40. Rc8 {[%clk 00:33:09]} {[%emt 00:00:19]} 1-0